Retro Rewind MKWII - All Tracks - Statistics

General Stats
  • This quiz has been taken 5 times
  • The average score is 13 of 168
Answer Stats
Hint Answer % Correct
3DS | DS | GBA | +3 others Mario Circuit
100%
WII Coconut Mall
50%
WII Daisy Circuit
50%
3DS | DS | GBA | +5 others Rainbow Road
50%
GBA | TOUR Sky Garden
50%
GCN Yoshi Circuit
50%
DS Airship Fortress
0%
WII U Animal Crossing
0%
GCN Baby Park
0%
GP Bananan Ruins
0%
N64 Banshee Boardwalk
0%
WII U Big Blue
0%
WII U Bone Dry Dunes
0%
GBA | TOUR Boo Lake
0%
DS | GBA Bowser Castle
0%
GBA | RMX | SNES Bowser Castle 1
0%
SNES Bowser Castle 2
0%
GBA | SNES | TOUR Bowser Castle 3
0%
GBA Bowser Castle 4
0%
3DS | GCN | GP | +3 others Bowsers Castle
0%
GBA Broken Pier
0%
GP Castle Wall
0%
DS Cheep Cheep Beach
0%
GBA | TOUR Cheep Cheep Island
0%
3DS Cheep Cheep Lagoon
0%
GBA | WII U Cheese Land
0%
RMX | SNES Choco Island 1
0%
SNES Choco Island 2
0%
N64 Choco Mountain
0%
WII U Cloudtop Cruise
0%
GCN Daisy Cruiser
0%
3DS Daisy Hills
0%
BETA | DS Delfino Square
0%
DS Desert Hills
0%
GCN Dino Dino Jungle
0%
3DS DK Jungle
0%
N64 DK Jungle Parkway
0%
GCN DK Mountain
0%
DS DK Pass
0%
WII DK Summit
0%
BETA Dokan Course
0%
WII U Dolphin Shoals
0%
BETA | RMX | SNES Donut Plains 1
0%
SNES Donut Plains 2
0%
SNES Donut Plains 3
0%
GCN | WII U Dry Dry Desert
0%
WII Dry Dry Ruins
0%
WII U Electrodrome
0%
WII U Exitebike Arena
0%
DS Figure 8 Circuit
0%
N64 Frappe Snowland
0%
RMX | SNES Ghost Valley 1
0%
SNES Ghost Valley 2
0%
SNES Ghost Valley 3
0%
WII Grumble Volcano
0%
WII U Hyrule Circuit
0%
N64 Kalimari Desert
0%
SNES Koopa Beach 1
0%
SNES Koopa Beach 2
0%
WII Koopa Cape
0%
N64 Koopa Troopa Beach
0%
GBA | TOUR Lakeside Park
0%
GBA | GCN | WII Luigi Circuit
0%
N64 Luigi Raceway
0%
DS Luigis Mansion
0%
WII Maple Treeway
0%
GP Mario Beach
0%
RMX | SNES Mario Circuit 1
0%
SNES Mario Circuit 2
0%
SNES Mario Circuit 3
0%
SNES Mario Circuit 4
0%
WII U Mario Kart Stadium
0%
N64 Mario Raceway
0%
N64 Moo Moo Farm
0%
WII Moo Moo Meadows
0%
WII Moonview Highway
0%
WII U Mount Wario
0%
GCN Mushroom Bridge
0%
GCN Mushroom City
0%
WII Mushroom Gorge
0%
3DS Music Park
0%
3DS Neo Bowser City
0%
BETA Nokonoko Beach
0%
GCN Peach Beach
0%
GBA Peach Circuit
0%
DS Peach Gardens
0%
3DS Piranha Plant Slide
0%
RMX Rainbow Road 1
0%
RMX Rainbow Road 2
0%
GBA | WII U Ribbon Road
0%
GBA Riverside Park
0%
3DS Rock Rock Mountain
0%
3DS Rosalinas Ice World
0%
N64 | WII U Royal Raceway
0%
GCN | N64 Sherbet Land
0%
DS Shroom Ridge
0%
3DS Shy Guy Bazaar
0%
GBA Shy Guy Beach
0%
WII U Shy Guy Falls
0%
SW Sky High Sundae
0%
GBA Snow Land
0%
GP Snow Panic
0%
GBA | TOUR Sunset Wilds
0%
WII U Sweet Sweet Canyon
0%
WII U Thwomp Ruins
0%
DS Tick Tock Clock
0%
3DS Toad Circuit
0%
WII U Toad Harbor
0%
WII Toads Factory
0%
N64 Toads Turnpike
0%
WII U Twisted Mansion
0%
RMX | SNES Vanilla Lake 1
0%
SNES Vanilla Lake 2
0%
RMX VanillaLlake 2
0%
DS Waluigi Pinball
0%
GCN Waluigi Stadium
0%
GCN Wario Colleseum
0%
WII Warios Gold Mine
0%
3DS Wario Shipyard
0%
DS | N64 Wario Stadium
0%
3DS Wuhu Loop
0%
GBA Yoshi Desert
0%
DS Yoshi Falls
0%
SW Yoshis Island
0%
N64 Yoshi Valley
0%
No matching quizzes found
Score Distribution
Percent of People with Each Score
Percentile by Number Answered
Your Score History
You have not taken this quiz